LEADER 01135nam a2200217 4500 001 000000355972 003 CaOOAMICUS 005 20231027124107.0 008 231027s1981 it a 000 u ita r 040 $aSeMil$bita 245 04$aGli scavi del "Dominus Flevit" :$b(Monte Oliveto, Gerusalemme) 264 1$aJerusalem :$bFranciscan Printing Press,$crist. 1981- 300 $av. :$bill. ;$c28 cm 490 1 $aPubblicazioni dello Studium Biblicum Franciscanum ;$v13 650 4$aGerusalemme - Monte degli Ulivi - Dominus Flevit - Scavi archeologici.$0(OLS)http://semarc/subject/54654 650 4$aGerusalemme - Archeologia.$0(OLS)http://semarc/subject/53004 774 0 $aBagatti, Bellarmino $t1: La necropoli del periodo romano.$dJerusalem : Franciscan Printing Press, rist. 1981.$w()355973 830 0$aPubblicazioni dello Studium Biblicum Franciscanum ;$v13.$0(OLS)http://semarc/title/11908 996 $6245$aGli scavi del "Dominus Flevit" :$b(Monte Oliveto, Gerusalemme)$9(OLS)http://semarc/title/446190 996 $6264$aJerusalem :$bFranciscan Printing Press$9(OLS)http://semarc/publisher/31947 LEADER 01285nam a2200301 i 4500 001 000000105963 003 CaOOAMICUS 005 20210429150841.0 008 030916s1997 it u000 u ita u 013 $a78157 020 $a88-308-0624-2 040 $aSeMil$bita 100 1 $aDelai, Nadio.$0(OLS)http://semarc/name/44619 245 10$aInformazione/comunicazione :$bmolti soggetti per un'etica mass-mediale /$cNadio Delai ; Alberto Papuzzi ; Giannino Piana. 260 $aAssisi :$bCittadella,$c1997. 300 $a197 p. ;$c20 cm. 490 0 $aEtica & 650 4$aGiornalisti - Morale professionale.$0(OLS)http://semarc/subject/18444 700 1 $aPiana, Giannino,$d<1939-2023>.$0(OLS)http://semarc/name/1517 700 1 $aPapuzzi, Alberto.$0(OLS)http://semarc/name/44620 830 0$aEtica &..$0(OLS)http://semarc/title/10336 850 $aSeMil 852 $aSeMil$W1$xVenegono$y1$m3M I 2$j62118$B62118$CSeMilBibl$Z2$F93668 $81 961 $aOmaggio: Fumagalli don Aristide 996 $6020$a88-308-0624-2$9(OLS)http://semarc/number/86325 996 $6245$aInformazione/comunicazione :$bmolti soggetti per un'etica mass-mediale$9(OLS)http://semarc/title/153545 996 $6260$aAssisi :$bCittadella$9(OLS)http://semarc/publisher/29661